000 00633nam a22001817a 4500
010 _aENG-142594
020 _a495.00
_c9789352301362
035 _aEN-126126
037 _aDBAD
082 _a363.70068
100 _aKrishna, I.V. Murali
_973846
245 _aEnvironmental Management:
_bA Primer for industries/
_cBy I.V. Murali Krishna [and] Vali Manickam
260 _aHyderabad
_bBSPublications
_c2016
270 _a4-4-309/316, Giriraj Lane, Sultan Bazar
_bHyderabad
_e500095
_k040-23445605, 040-23445688
300 _a588p
_c24cm.(Pb)
700 _aManickam, Vali
_973768
942 _2ddc
_cEN
_h363.70068
_mKRI
999 _c206904
_d206904